[Event "Duel of the Champions"]
[Site "Mainz"]
[Date "2002.08.17"]
[Round "4"]
[White "Anand, Viswanathan"]
[Black "Ponomariov, Ruslan"]
[Result "1-0"]
[WhiteElo "2755"]
[BlackElo "2743"]
[Annotator "Anand/Ftacnik"]
[PlyCount "75"]
[EventDate "2002.08.16"]
[EventType "match (rapid)"]
[EventRounds "8"]
[EventCountry "GER"]
[SourceTitle "CBM 091"]
[Source "ChessBase"]
[SourceDate "2002.11.12"]
[SourceVersion "1"]
[SourceVersionDate "2002.11.12"]
[SourceQuality "1"]

{Ruslan had just taken the lead with a fine win in our 3rd game.} 1. e4 c5 2.
Nf3 d6 3. d4 cxd4 4. Nxd4 Nf6 5. Nc3 a6 {Following our 2nd game. Since he
dominated the play on the first day, I felt that it wasn't enough to try and
come up with some little refinement on our 2nd game. I wanted to go for really
sharp lines to try and fight for the initiative in the match.} 6. f3 $1 {
This skips the Ng4 line and takes the play into sharper lines.} e6 7. Be3 b5 8.
g4 Nfd7 9. Qd2 Bb7 (9... Nb6 10. O-O-O N8d7 {Ponomariov has some experience
with this position, but earlier this year Grischuk had a famous win against
Dvoiris from the Aeroflot open .} (10... Bb7 {Transposing back to the game.})
11. Ndxb5 $1) 10. O-O-O Nb6 11. Nb3 N8d7 12. Na5 Qc7 {Of course, Black isn't
going to play Bc8.} (12... Rb8 13. Bf4 Nc8 14. Nxb7 Rxb7 15. Kb1 Be7 16. h4 O-O
17. Ne2 Ncb6 18. Nd4 Rc7 19. Bg5 d5 20. exd5 Nxd5 {Blehm,P-Kalod,R/Paget
Parish 2001/ 0-1 (35)}) 13. Kb1 {Maybe technically a novelty, but simply one
of the "useful" moves one makes in the Sicilian - the kingside equivalent is
Kh1.} (13. a3 Be7 14. Bxb5 axb5 15. Nxb5 Qb8 16. Bxb6 Nxb6 17. Nxd6+ Bxd6 18.
Qxd6 Qxd6 19. Rxd6 Rxa5 20. Rxb6 Ra7 21. Rd1 {Sharapov,E-Fish,G/ Sevastopol
2000/ 1-0 (80)}) (13. Bf4 Nc8 14. Ne2 Rb8 15. Nxb7 Rxb7 16. h4 Be7 17. Bg5 Ndb6
18. Nd4 O-O 19. Kb1 Re8 20. Bd3 Bf8 21. Qe2 Na4 22. Bc1 {Fedorov,A-Ermenkov,E/
Ohrid 2001/ 1-0 (41)}) 13... Be7 (13... b4 14. Ne2 d5 {The thematic reaction
in the centre.} 15. Ng3 Be7 16. Nxb7 Qxb7 17. f4 O-O (17... dxe4 18. Nxe4) 18.
Bd3) (13... Nc4 {Ftacnik} 14. Nxc4 bxc4 15. Qd4 Rc8 16. Be2 $14) 14. h4 {
Here I already saw the possibility of playing Bg5, but decided to wait a bit.}
(14. Bg5 Bxg5 15. Qxg5 O-O 16. Nxb7 Qxb7 17. Rxd6 Qc7 $44) 14... O-O $6 (14...
Ne5 15. Qd4 $1 Nbd7 16. Nxb7 Qxb7 17. f4 b4 (17... Nf3 18. Qd3 $16 (18. Qxg7
Bf6 19. Qh6 Bxc3 20. bxc3 Qxe4 21. Bc1)) (17... Nxg4 18. Qxg7 Nxe3 19. Qxh8+
Nf8 20. Re1 $18) 18. Na4 Nxg4 19. Qxg7 Nxe3 20. Qxh8+ Nf8 21. Re1 Qxe4 22. Bd3
Qxf4 23. Qg8 $16) (14... b4 $1 15. Ne2 d5 16. Nd4 (16. Nxb7 Qxb7 (16... Nc4 17.
Qc1 dxe4 18. Ng3 Nxe3 19. Qxe3 Qxb7 20. Nxe4 O-O 21. g5 $14) 17. Ng3 O-O $13)
16... dxe4 17. Nxb7 Qxb7 18. fxe4 O-O $11) 15. Bg5 $1 {The point of the
previous move. White can recapture with the h-pawn and attack on the h-file.
Ftacnik: Anand is treating the opening line with deep uderstanding, black has
to worry about the d6 pawn.} f6 {This weakens the e6 square and gives White an
easy target. The only thing that concerned me was that White has lost some
time.} (15... Nf6 16. h5 $1 {White just continues his attack.} (16. Bxf6 Bxf6 (
16... gxf6 17. g5 $16) 17. Qxd6 Rac8 18. Qxc7 Rxc7 19. Ne2 {Black has enough ~/
= with his two bishops.} (19. Nxb7 Rxb7 $44) 19... Na4)) (15... Bxg5 {Ftacnik}
16. hxg5 Rfd8 17. g6 fxg6 18. Qxd6 $16) 16. Be3 Ne5 17. Qf2 Nbc4 18. Nxb7 Qxb7
(18... Nxe3 {Ftacnik} 19. Qxe3 Qxb7 20. Ne2 Nc4 21. Qb3 Rac8 $11) 19. Bd4 (19.
Ne2 f5 $1 20. gxf5 exf5 21. Bh3 fxe4 22. Be6+ Kh8 23. Bd5 Qc8 24. Bxa8 Qxa8 $15
) 19... Rac8 20. Ne2 (20. Qg3 {This stops f5, but White has to take some
sacrifices into account.} b4 21. Ne2 Na3+ $1 (21... Qc6 22. Ka1) 22. bxa3 bxa3+
{At the board, I felt that this was very dangerous and decided to stick to 20.
Ne2. Later analysis confirmed this:} 23. Kc1 {Counter-intuitively, White
ambles off to the other side. The obvious tries don't break through.} (23. Ka1
Rxc2 24. Rb1 Rb2 $3 25. Bg2 (25. Bxb2 Rb8 $19) (25. Rxb2 axb2+ 26. Kb1 Nc4 $19)
25... Rb8 26. Qe1 Nc4 $17) {However, an unusual knight retreat keeps Black
going.} 23... Nc6 $1 (23... Rxc2+ 24. Kxc2 Rc8+ 25. Kd2) (23... Rc7 24. Ba1
Rfc8 25. Nd4) (23... Qb4 24. Ba1 Rxc2+ (24... Rb8 25. Nc3 Rfc8 26. f4) 25. Kxc2
Rc8+ 26. Nc3) 24. Ba1 (24. Kd2 d5 $1 25. Ke1 Nxd4 26. Nxd4 e5) 24... Nb4 25.
Nc3 d5 $1 {A sample variation follows.} 26. exd5 Rxc3 27. Bxc3 Nxa2+ 28. Kd2
Nxc3 29. Kxc3 Bb4+ 30. Kd3 Qxd5+ 31. Ke2 Qxd1+ $1 32. Kxd1 a2) (20. h5 {Ftacnik
} Qc6 21. Bg2 Nf7 $11) 20... Nc6 (20... f5 21. gxf5 exf5 22. Qg3 $1 {This
looks fine for White.} (22. exf5 Qxf3 23. Qxf3 (23. Bh3 Nd2+ $1 24. Ka1 (24.
Rxd2 Qxh1+) 24... Rxc2 $19) 23... Nxf3 24. Bg2 Rxf5 (24... Nxd4 25. Nxd4 Ne3
26. Rde1 Bf6 27. Rxe3 Bxd4 28. Ra3) 25. Bh3 Nxh4 26. Ng3 Rcf8 27. Nxf5 Nxf5)
22... fxe4 $140 23. f4) 21. Be3 (21. Bh3 b4 22. g5 {This also looked strong,
but I wanted to get my knight to f4 and for that I have to move my B.}) (21.
Bc3 {Ftacnik} b4 22. Be1 Nd8 $11) 21... Nxe3 (21... f5 22. exf5 exf5 23. g5
N6e5 24. Nd4 $16) (21... Nb4 22. Nd4 (22. c3 Nc6 23. Nf4 $16) 22... e5 23. Nf5
(23. Bxc4+ Rxc4) 23... Nxb2 24. Kxb2 Rxc2+ 25. Qxc2 Nxc2 26. Kxc2 $16) 22. Qxe3
Qa7 $6 {Probably he just missed White's next. However, his position was
already difficult.} (22... Ne5 23. Nd4 Qd7 24. Bh3 $36) 23. Qb3 $1 d5 $2 {
[%mdl 16384] Ftacnik: Ponomariov has lost his patience, this tactical solution
has deep flaws in many lines.} (23... Qd7 $142 24. Nf4 Kf7 {No further
commentary is needed.} 25. h5 Na5 26. Qe3 $11 {Ftacnik}) 24. exd5 Na5 25. Qd3
Nc4 {Here I found the simplest way.} (25... Rfd8 {Ftacnik} 26. Nf4 exd5 27.
Nxd5 $16) 26. Nf4 (26. Nd4 $5 {Ftacnik} Ne5 (26... exd5 27. Nc6 $16) 27. Qe2
exd5 28. f4 Ng6 29. Ne6 Bd6 30. Qd2 Rfe8 31. Bg2 $16) 26... Ne3 27. Nxe6 (27.
Rd2 {Ftacnik} exd5 28. Nxd5 Bc5 $14) 27... Nxd1 28. Qxd1 $1 {I couldn't bring
myself to calculate Nxf8 since this move wins trivially. White just plays Bd3
and follows up on the kingside - Black is helpless. Ftacnik: In the duel of
champions the former one is chosing the safe sontinuation instead of very
tempting one with 28.Nxf8!?} (28. Nxf8 $5 Nc3+ $1 (28... Nf2 29. Qxh7+ Kxf8 30.
Bd3 $1 (30. Qh8+ {Ftacnik} Kf7 31. Qxc8 Nxh1 32. Qe6+ Kf8 33. d6 Bd8 34. d7 Be7
35. Qd6 Qa8 36. Qh2 Qxf3 37. Qb8+ Kf7 38. Qe8+ Ke6 39. d8=N+ Kd6 40. Be2 Qe4
41. a3 Nf2 $14) 30... Nxh1 (30... Nxd3 {Ftacnik} 31. Qh8+ Kf7 32. Qxc8 Nf4 33.
Re1 $16) 31. Qh8+ Kf7 32. Bg6+ $1 Kxg6 33. Qh5#) 29. bxc3 Bxf8 30. Qf5 $18 (30.
g5 Re8 31. Bh3 $16)) 28... Rfe8 29. Bd3 {There is no way for Black to counter
White's attack. White just pushes his kingside pawns.} (29. f4 {Ftacnik} Qf2
30. Qe2 Qxe2 31. Bxe2 Bd6 32. Bd3 $16) 29... Qf2 30. f4 (30. Qe1 {Ftacnik}
Qxe1+ (30... Qxf3 $2 31. Be4 Qxg4 32. Rg1 $18) 31. Rxe1 Bd6 32. Re4 $16) 30...
Bd6 (30... Qg2 {Ftacnik} 31. g5 g6 32. h5 Qxd5 33. hxg6 hxg6 (33... Qxe6 34.
Qh5) 34. Bxg6 Qxd1+ 35. Rxd1 Red8 36. Nxd8 Rxd8 37. Rxd8+ Bxd8 38. gxf6 Bxf6
39. c3 $16) 31. g5 $1 {Ftacnik: Black is striggling to avert strong attack,
white pieces are dominating the board.} Rxe6 (31... f5 {Ftacnik} 32. Bxf5 g6
33. Be4 Qe3 34. Qd3 Bxf4 35. Bxg6 Qxd3 36. Bxd3 $18) (31... Bxf4 {Ftacnik} 32.
Rf1 Qd2 33. Nxf4 $18) 32. dxe6 Qxf4 (32... f5 {Ftacnik} 33. Bxf5 Qxf4 34. Rf1
Qc4 35. e7 Bxe7 36. Bxc8 $18) 33. Rf1 Qe5 34. Re1 (34. gxf6 {Ftacnik} gxf6 (
34... Qxe6 35. Bf5 $18) 35. Re1 $18) 34... Qc5 (34... Qf4 35. e7 $18) 35. gxf6
gxf6 36. Qg4+ Kh8 37. Rg1 Qc7 38. e7 1-0

[Event "Duel of the Champions"]
[Site "Mainz"]
[Date "2002.08.17"]
[Round "6"]
[White "Anand, Viswanathan"]
[Black "Ponomariov, Ruslan"]
[Result "1/2-1/2"]
[WhiteElo "2755"]
[BlackElo "2743"]
[Annotator "Wedberg,T"]
[PlyCount "71"]
[EventDate "2002.08.16"]
[EventType "match (rapid)"]
[EventRounds "8"]
[EventCountry "GER"]
[SourceTitle "CBM 091"]
[Source "ChessBase"]
[SourceDate "2002.11.12"]
[SourceVersion "1"]
[SourceVersionDate "2002.11.12"]
[SourceQuality "1"]

1. e4 e5 2. Nf3 Nc6 3. Bb5 a6 4. Ba4 Nf6 5. O-O Be7 6. Re1 b5 7. Bb3 d6 8. c3
O-O 9. h3 Na5 10. Bc2 c5 11. d4 Nd7 12. Nbd2 exd4 13. cxd4 Nc6 14. d5 Nce5 15.
Nxe5 (15. a4 b4 16. a5 Ra7 17. Nxe5 Nxe5 18. f4 Ng6 19. Nc4 Bd7 20. Be3 Bb5 21.
b3 Bh4 22. Rf1 Re8 $132 {0-1 Cela,A-Graf,A/Kavala 1997/EXT 2001 (38). (38)})
15... Nxe5 16. a4 $146 {[%mdl 8]} (16. f4 Ng6 17. Nf3 f5 {is the start of the
facinating Graf variation. The results so far seem to favour Black, so Anands
deviation is not surprising.} (17... Bh4 $5) 18. e5 dxe5 19. fxe5 Bb7 20. d6
Bh4 21. Re2 Bg3 22. b4 c4 23. Qd4 Qd7 24. Bd2 Rae8 $17 {0-1 Ponomariov,
R-Beliavsky,A/Moscow 2002/CBM 90/[Wedberg] (52)}) 16... Rb8 (16... b4 {similar
to Cela-Graf above is also a possibility.}) 17. axb5 axb5 18. f4 Ng6 19. Nf3
Bh4 (19... f5 20. e5 {gives more chances to White than the line 16.f4 since
White has the a-file at his disposal.}) 20. Nxh4 (20. Rf1 Bg3 $132) 20... Qxh4
21. f5 {Only move to continue fighting, but with the N on e5 Black has little
to worry about.} (21. Rf1 Bxh3 $11) 21... Ne5 22. Rf1 Bd7 23. Bf4 Ra8 $11 {
Black has a decent Benoni of sorts.} 24. Qd2 Qe7 25. b4 Nc4 26. Qc3 cxb4 27.
Qxb4 Qf6 28. Qe1 Qb2 29. Rc1 Rfe8 30. Qf2 Ra3 $15 31. Bb1 Qxf2+ (31... Qf6 $5 {
and Black can enjoy his activity.}) 32. Rxf2 f6 33. Rf3 Rea8 34. Bd3 $1 Ne5 35.
Bxe5 dxe5 36. Bf1 1/2-1/2

[Event "Duel of the Champions"]
[Site "Mainz"]
[Date "2002.08.18"]
[Round "8"]
[White "Anand, Viswanathan"]
[Black "Ponomariov, Ruslan"]
[Result "1-0"]
[WhiteElo "2755"]
[BlackElo "2743"]
[Annotator "Huzman,A"]
[PlyCount "91"]
[EventDate "2002.08.16"]
[EventType "match (rapid)"]
[EventRounds "8"]
[EventCountry "GER"]
[SourceTitle "CBM 091"]
[Source "ChessBase"]
[SourceDate "2002.11.12"]
[SourceVersion "1"]
[SourceVersionDate "2002.11.12"]
[SourceQuality "1"]

1. d4 {McShane} d5 2. c4 dxc4 3. Nf3 Nf6 4. e3 e6 5. Bxc4 c5 6. O-O a6 7. a4
Nc6 8. Qe2 Be7 9. Rd1 O-O 10. dxc5 Qc7 11. b3 Bxc5 12. Bb2 b6 13. Nbd2 Bb7 14.
Rac1 (14. Bxf6 {(McShane) is possible, of course, but the loss of the bishop
pair is more significant than the weakening of the Black king.}) 14... Nb4 15.
Ng5 $1 Qe7 16. Ndf3 (16. Bxf6 Qxf6 17. Qh5 Qf5 (17... h6 18. Nge4 Qe7 19. Nxc5
bxc5 20. Be2 $14) 18. g4 Qg6 19. Qxg6 hxg6 20. Nde4 Rfd8 21. Nxc5 bxc5 $11 {
[%csl Rg5]}) 16... h6 17. Nh3 Rfd8 18. Nf4 {McShane: 'The position must be
about equal here, but Anand clearly wanted to win to level the match score.'}
Rxd1+ 19. Rxd1 Rd8 20. Rxd8+ Qxd8 21. Ne5 $36 {/\22Nh5} Nbd5 22. Nh5 (22. Bxa6
$2 {McShane} Nxf4 23. exf4 Bxa6 24. Qxa6 Qd2 $1 {hits f2 and b2.}) 22... Be7 (
22... Nxh5 23. Qxh5 Qe7 24. Ng4 Qg5 $11) 23. h3 Qc7 (23... Nc7 $1 {[%cal Yb6b5,
Yc7e6]} 24. Nf4 $11) 24. e4 Nb4 25. Nxf7 {'!' McShane. McShane: 'The first of
two knight sacrifices which tear away the black king cover. '} (25. Qf3 Qd8 $1
$132 {[%cal Yd8d2]} (25... b5 26. axb5 axb5 27. Bxe6 $1 fxe6 28. Nxg7 $1 Qc2 (
28... Kxg7 29. Qg3+ $1 $18 {[%cal Gg3c7]}) (28... Bxe4 29. Qg3 Kh7 30. Nxe6 $18
) 29. Nxe6 $18) 26. Nxg7 $140 $2 Kxg7 27. Bxe6 Qd2 $1 $17 {[%cal Yd2g5,Yd2b2]})
(25. Nxg7 Kxg7 26. Qe3 $1 {[%cal Ge5g4,Gg4f6,Gg4h6,Ge3h6]} Nxe4 $1 (26... Qc5
27. Bd4 Qa5 28. Bxe6 Nc6 29. b4 $1 Qxb4 30. Nxf7 $18) (26... Bc5 27. Qg3+ Kh7
28. Bxe6 Bxe4 29. Bxf7 $18) 27. Ng4+ (27. Nd7+ f6) 27... Kf8 28. Qxh6+ Ke8 29.
Qh8+ Bf8 30. f3 Qc5+ 31. Kh2 Nd2 $1 32. Bg7 Nd5 33. Bxd5 Nf1+ 34. Kh1 Ng3+ 35.
Kh2 Nf1+ $11) 25... Kxf7 26. Nxg7 {'!' McShane.} Bc8 $6 (26... Kxg7 27. Qg4+
Kh8 (27... Kf8 $2 28. Qxe6 Nbd5 29. exd5 Bc8 30. Qe3 $18) (27... Kh7 28. Qxe6
Qd8 29. e5 (29. Qf7+ $5 Kh8 30. Bxf6+ Bxf6 31. Qxb7 Bd4 {[%cal Yd8f8,Yf8f2]}
32. Qf7 Bc5 33. Kh2 Qf8 34. Qxf8+ Bxf8 35. f4 $13 {/+/=}) 29... Bd5 (29... Nfd5
$5 30. Qf7+ Kh8 31. e6+ Nf6 $11) 30. Qf5+ Kg7 31. exf6+ Bxf6 32. Qg4+ $14) 28.
Qg6 (28. Qh5 Kg7 29. Qg4+ $11) (28. Qh5 {McShane}) (28. Qxe6 {McShane} Qd8 {
also defends}) 28... e5 29. Qxh6+ Nh7 30. Qg6 (30. Qe6 $5 Qd8 31. Bxe5+ Bf6 32.
Bc7 Qc8 33. Qxc8+ Bxc8 34. Bxb6 $13 {/=/+}) 30... Qd8 31. Bg8 $1 (31. Bxe5+ Bf6
32. Bxf6+ Nxf6 $17) 31... Bxe4 (31... Qxg8 32. Bxe5+ Bf6 33. Bxf6+ Nxf6 34.
Qxf6+ Qg7 35. Qd8+ Kh7 36. Qh4+ Kg8 37. Qd8+ Qf8 38. Qg5+ $11) 32. Bxe5+ Nf6
33. Qxe4 Kxg8 34. Bxf6 Bxf6 35. Qxb4 $13) 27. Nf5 {McShane: 'White is only one
piece down now, and is well coordinated. The position is still very
complicated, but Anand must have been satisfied with the practical chances his
sacrifice brought.'} b5 $2 (27... Qf4 28. Nxe7 Kxe7 29. g3 $44 Qg5 {is very
unclear.} (29... Qxe4 $4 {McShane} 30. Bxf6+)) 28. axb5 axb5 29. Nxe7 (29. e5
$1 bxc4 30. Nxh6+ Kg6 31. exf6 Bxf6 32. Qe4+ Kxh6 33. Bxf6 $16) (29. Nxh6+ Kg6
30. e5 Nh7 $15) 29... Kxe7 $2 (29... bxc4 30. Bxf6 (30. Nxc8 c3 31. Nd6+ Qxd6
32. Bxc3 Qd3 $11) 30... Kxf6 31. Nxc8 Qxc8 32. bxc4 Nc6 33. Qe3 $11) 30. Bxb5
Qc2 $6 (30... Qc5 $142) 31. Ba3 $1 ({Instead} 31. Qxc2 {McShane} Nxc2 32. Bd3
Ne1 (32... Nb4 $4 {McShane} 33. Ba3) 33. Bb1 Ba6 $1 {prevents White trapping
the knight with Kg1-f1, and gives the knight a square on d3.}) 31... Qc3 (31...
Qxb3 32. Qd3 $1 Qxd3 33. Bxd3 $18) 32. Qc4 $1 $18 Qa1+ 33. Kh2 Qxa3 34. Qxc8 {
McShane: 'Ponomariov has found himself in desperate trouble, despite having
succeeded in exchanging the dangerous dark squared bishop. Anand's immediate
threat is e4-e5, forcing the knight away to play Qc8-e8 mate.'} Qa5 (34... Qxb3
35. e5 Nbd5 36. exf6+ Nxf6 37. Qc7+ Kf8 38. Bc4 $18) 35. Qc5+ Kd8 36. Qd6+ Kc8
37. Qxe6+ Kb8 38. Bc4 Qc7+ 39. e5 Ne4 40. f4 {McShane: 'White has four clear
pawns for a piece and a safer king - a won position.'} Nd2 41. Qxh6 Nxc4 42.
Qf8+ Ka7 43. Qxb4 Nb6 44. e6 Nc8 45. Qd4+ Kb8 46. Qe5 1-0

[Event "RUS-The World"]
[Site "Moscow"]
[Date "2002.09.08"]
[Round "1"]
[White "Rublevsky, Sergei"]
[Black "Ponomariov, Ruslan"]
[Result "1/2-1/2"]
[WhiteElo "2658"]
[BlackElo "2743"]
[Annotator "Rabinovich,Al"]
[PlyCount "58"]
[EventDate "2002.09.08"]
[EventType "schev (rapid)"]
[EventRounds "10"]
[EventCountry "RUS"]
[SourceTitle "CBM 091"]
[Source "ChessBase"]
[SourceDate "2002.11.12"]
[SourceVersion "1"]
[SourceVersionDate "2002.11.12"]
[SourceQuality "1"]
[WhiteTeam "Russia"]
[BlackTeam "The World"]
[WhiteTeamCountry "RUS"]

1. e4 {[%mdl 16392]} c5 2. Nf3 Nc6 3. Bb5 g6 4. Bxc6 {Black can choose here
between two moves: 4...dxc6 and 4...bxc6.} dxc6 (4... bxc6 $5 {[%cal Ga8b8,
Gb8b2,Gb7c6,Gc6d5] It seems that in this line white keeps small but long range
advantage.} 5. O-O Bg7 6. Re1 (6. c3 Nh6 7. d4 cxd4 8. cxd4 {[%csl Gd4,Ge4]} f6
9. Nc3 Nf7 10. Re1 (10. h3 d6 11. Re1 O-O 12. Be3 Qb6 13. b3 Qb7 14. Rc1 Bd7
15. Nd2 $14 {[%cal Gd2c4,Gc4a5] 1-0 Anand,V-Taleb,M/Dubai UAE 2002/The Week in
Chess 387 (38)}) 10... d6 11. b3 O-O 12. Bb2 Bd7 13. Qc2 Qa5 14. h3 Rfe8 15.
Ne2 Rac8 16. Bc3 Qa6 17. Qb2 e5 18. dxe5 fxe5 19. Rad1 $14 {[%cal Gb2g7] 1-0
Akopian,V-Ponomariov,R/Moscow RUS 2002/The Week in Chess 396 (61)}) 6... Nh6 (
6... Nf6 7. e5 Nd5 8. c4 Nc7 9. d4 cxd4 10. Qxd4 O-O 11. Qh4 f6 12. Nc3 Ne6 13.
exf6 exf6 14. Be3 $36 {1-0 Sutovsky,E-Tibensky,R/Kaskady SVK 2002/The Week in
Chess 400 (28)}) 7. c3 O-O 8. d4 cxd4 9. cxd4 f6 (9... d6 10. h3 f6 11. b3 Nf7
12. Bb2 Bd7 (12... e5 13. Nbd2 Be6 14. Rc1 Qb6 15. dxe5 fxe5 16. Re3 Bh6 17.
Rec3 $14 {[%cal Gd2c4] 1-0 Hracek,Z-Jakubiec,A/CZE 2001/The Week in Chess 388 
(50)}) 13. Nbd2 Rc8 14. Rc1 f5 $6 15. exf5 Bxf5 16. Nc4 Bh6 17. Ne3 Be4 18. Nd2
$16 {[%cal Gd4d5] 1-0 Kobalia,M-Roiz,M/Halkidiki GRE 2002/The Week in Chess
412 (26)}) 10. b3 Nf7 11. Nbd2 d6 12. Bb2 Ba6 13. Rc1 Rc8 14. b4 e5 15. Nb3 Qb6
16. Bc3 $14 {1-0 Morozevich,A-Kasimdzhanov,R/Wijk aan Zee NED 2002/The Week in
Chess 376 (69)}) 5. d3 {It is better to wait with 0-0,since in some variations
king should be castled long side.} Bg7 6. h3 {This move is not really
nessasary,since Bg4 will lead to small but clear advantage for white.The idea
behind 6.h3 is mostly to wait for black's knight development and after that 
to choose his own plan.} Nh6 $5 {[%mdl 8] This move was yet tested on highest
levels.} (6... Nf6 $5 7. Nc3 O-O (7... Nd7 $5 {In my opinion this move is the
best attempt for black.} 8. Be3 e5 9. Qd2 Qe7 10. O-O (10. Bh6 Bxh6 11. Qxh6 f6
12. Nd2 (12. Nh4 Qf8 13. Qd2 Qe7 14. O-O-O f5 15. g3 f4 16. Ng2 fxg3 17. fxg3
$32 {1-0 Ivanchuk,V-Filippov,V/Halkidiki GRE 2002/The Week in Chess 412 (41)})
12... Nf8 13. f4 exf4 14. Qxf4 Ne6 15. Qh6 Nd4 16. O-O-O Be6 $11 {1/2-1/2
Smirin,I-Shirov,A/Sarajevo BIH 2002/The Week in Chess 395 (22)}) 10... Nf8 11.
Bh6 Ne6 12. Bxg7 Nxg7 13. Ne2 f6 14. Nh2 g5 $132 {1/2-1/2 Anand,V-Ivanchuk,V/
Prague CZE 2002/The Week in Chess 391 (50)}) 8. O-O (8. Be3 b6 9. Qd2 e5 10.
Bh6 Qd6 11. O-O-O (11. g4 Be6 12. Bxg7 Kxg7 13. O-O-O Rad8 $132 {[%cal Gc5c4]
1/2-1/2 Shirov,A-Leko,P/Monaco MNC 2002/The Week in Chess 386 (32)}) 11... a5
$5 {A strong improvment! Pushing the aP is the quickest way.} (11... Be6 12.
Bxg7 Kxg7 13. Qg5 Nd7 14. Qg3 b5 15. d4 $14 {0-1 Grischuk,A-Shirov,A/Dubai UAE
2002/The Week in Chess 387 (30)}) (11... b5 12. Ne2 a5 13. Ng3 Re8 14. Nh4 Bxh6
15. Qxh6 a4 16. Qg5 Nd7 17. Ngf5 Qf6 18. Qxf6 {1/2-1/2 Grischuk,A-Leko,P/Dubai
UAE 2002/The Week in Chess 387 (18)}) 12. Bxg7 Kxg7 13. Nh2 (13. g4 a4 14. Ne2
b5 15. Ng3 b4 16. Qg5 Re8 $132 {[%cal Gb4b3,Ga4a3] 0-1 Shirov,A-Leko,P/
Dortmund GER 2002/The Week in Chess 401 (31)}) 13... a4 14. Ng4 Ng8 15. Ne2 (
15. Kb1 a3 16. b3 Qd4 17. Nh2 b5 18. Nf3 Qd6 19. Ne2 Be6 20. g3 Rad8 21. Ng5 c4
$36 {1/2-1/2 Grischuk,A-Leko,P/Moscow RUS 2002/The Week in Chess 410 (55)})
15... Bxg4 16. hxg4 Qe6 17. Kb1 Qxg4 18. f3 Qe6 19. g4 $44 {1/2-1/2 Grischuk,
A-Ponomariov,R/Moscow RUS 2002/The Week in Chess 409 (28)}) 8... Nd7 9. Be3 e5
10. Qd2 Re8 11. Nh2 b6 12. Bh6 Bh8 13. Kh1 Qe7 14. Rae1 Nf8 15. Ne2 Ne6 16. b3
a5 17. a4 Bd7 18. f4 $14 {1/2-1/2 Adams,M-Leko,P/Dortmund GER 2002/The Week in
Chess 400 (44)}) 7. Nc3 {[%cal Gc1e3,Gd1d2]} f6 (7... O-O $2 8. Be3 b6 9. Qd2
$18 {[%csl Rh6]}) 8. Be3 b6 9. O-O (9. a4 $5 {[%cal Ga4a5]}) (9. Qd2 Nf7 10. g4
Qd6 $11) 9... O-O 10. a3 $5 {[%cal Gb2b4] Typical idea in this kind of
positions.White attacks the stucture a7-b6-c5.} Nf7 11. b4 $2 {[%mdl 16384]
But this is just too soon.It was better first to play 11.Qd2} (11. Qd2 $1 {
[%cal Gf1d1,Gd3d4,Gb2b4] And threating both:d4 and b4 white should wait until
black will play e5.}) 11... f5 $1 {[%csl Gc8][%cal Gg7c3] Black must react on
white's attack on Qside by strike in the center.} 12. Bd2 (12. Qe1 $2 fxe4 13.
dxe4 Ba6 $17) 12... Qd6 $6 (12... fxe4 $1 {It was the best time to open the
position!} 13. dxe4 (13. Nxe4 cxb4 14. axb4 Bxa1 15. Qxa1 {White has some
compensation for the exchange,but with good defence black should stay some
material up.}) 13... Ba6 14. Re1 Ne5 {[%cal Ge5f3,Gf8f3,Ga6f1,Gg7c3,Gd8d1]} 15.
Nxe5 Bxe5 16. bxc5 Qd4 $19 {[%csl Rc3,Rd2,Rf2][%cal Gd4f2,Ga8d8]}) 13. Rb1 e5 (
13... f4 $5 $15 {[%cal Gh7h5,Gg6g4]}) 14. Na4 c4 (14... cxb4 $6 15. axb4 fxe4
16. dxe4 Ba6 17. Re1 Rad8 $132) 15. dxc4 fxe4 16. Ng5 {White is out of danger.}
Nxg5 (16... Qd4 $5 17. Qe2 Nxg5 18. Bxg5 Be6 19. Nb2 $13 {[%csl Re4,Re5]}) 17.
Bxg5 Qd4 18. Qe2 Be6 19. Rfd1 Qxc4 (19... Bxc4 20. Rxd4 Bxe2 21. Rxe4 $14) 20.
Qxc4 Bxc4 21. Nc3 $1 $11 {With some sharp play white succeded to equalize.} h6
22. Be3 Rad8 23. Nxe4 Be2 24. Re1 (24. Rxd8 Rxd8 25. f3 {[%cal Gg1f2]} Bb5 $11)
24... Bb5 25. Rbd1 Ba4 26. Rc1 Rf7 {[%cal Gf7d7]} 27. Nc3 Bb5 28. Nxb5 (28.
Red1 Rfd7 29. Rxd7 Rxd7 $11 30. Rd1 $2 Rxd1+ 31. Nxd1 Ba4 $17) 28... cxb5 29.
c4 Rd3 (29... Rd3 30. c5 bxc5 31. Rxc5 (31. bxc5 Rxa3 32. c6 Rc7 33. Red1 Ra6
34. Rd6 Kh7 {White has enough compensation for the pawn,but not more than that.
}) 31... Rxa3 (31... a6 32. a4 bxa4 33. Ra5 Bf8 $11) 32. Rxb5 $11) 1/2-1/2